000 00642nam a2200229 i 4500
001 67187
003 ES-MaACL
005 20230906170007.0
007 t|
008 040511s2002 sp ||||1| spa d
080 _a821.134.2(729.1)-14"19"
080 _a821.111-14"19"
100 1 _aLima, Robert.
_972308
245 1 0 _aMayaland /
_cRobert Lima.
260 _aMadrid :
_bBetania,
_c[2002]
300 _a62 p. ;
_c22 cm.
490 1 _aColección Betania de poesía
500 _aTexto en español en inglés.
830 0 _aColección Betania de poesía
_9179829
852 _aES-MaACL
_j2175-F-1
_bR.131803
999 _c67187
_d67187